00745cam a22002297a 4500003000500000005001700005008004100022010000900063011000900072035000900081040000900090100003100099245009600130260004000226300002200266500001100288502009900299650002300398650003300421650002900454700003200483CHAP20250819101657.0971013s1992 r 00010 d a6539 a7511 a6734 cCHAP00aCarrión Perea, Federico.13aUn estudio sobre análisis de proyectos (ANPRO) utilizando el lenguaje de programación C aChapingo, Méx. :bEl autor,c1992 a89 h.b; gráfs. a62-182 aTesis (Ing. Agr. Esp. en Economía Agrícola) -- UACH. Departamento de Economía Agrícola14aC (Programación)14aLenguajes de programación.14aProyectosxEvaluación.1 aServín Juárez, Fidencio